000
00294nam a2200121Ia 4500
008
230724s9999 xx und d
020
_a
9780140513233
041
_a
eng
100
_a
FLEMINGO CLOHN
245
_a
DICTIONARY OF ARCHITECTURE
260
_b
PENGUIN BOOKS LTD
300
_a
VII+645
999
_c
1176125
_d
1176125